Carregant...

The handbook of management consultancy

Dades bibliogràfiques
Autor principal: Sadler, Philip; Editor
Format: Printed Book
Publicat: New Delhi, Kogan Page India Pvt Ltd 2003
Edició:Ed.2
Matèries:
LEADER 006180000a22002050004500
020 |a 81-7554-230-6 
082 |a 658.46 P3 
100 |a Sadler, Philip; Editor 
245 |a The handbook of management consultancy 
250 |a Ed.2 
260 |a New Delhi, Kogan Page India Pvt Ltd 
260 |c 2003 
460 |a xvi,496p 
465 |a GBP47.50 
500 |a ed.by Philip Sadler 
500 |a Includes index 
650 |a Business consultants 
942 |c BK 
999 |c 34029  |d 34029 
952 |0 0  |1 0  |4 0  |6 658_460000000000000_P3  |7 0  |8 ENG  |9 34329  |a MGUL  |b MGUL  |d 2013-07-16  |e GBP47.50  |l 0  |o 658.46 P3  |p 34323  |r 2013-07-16  |w 2013-07-16  |y BK